000 00568nam a22001937a 4500
003 DO-SdBNP
005 20180208102803.0
008 171113b 2006 dr| 00| 0 spa d
020 _a9945420070
040 _aBPMSU
_bspa
_cBPMSU
082 4 _axxxxxxx
_bxxxxxxx
100 1 _aAmaro , Valentín,
_d1969-
245 1 _aEn el temblor de las visiones /
_cValentín Amaro
260 _aSanto Domingo :
_bNacional ,
_bAngeles de Fierro ,
_c2006.
300 _a56 p. :
_bil. ;
_c17 cm.
942 _2ddc
_cBK
945 _aInventariado, 2018 / BT
956 _aBTAVAREZ
_610
_c20171113
_d0038
999 _c12860
_d12860